000 00926pam a2200265 a 4500
999 _c126914
_d126914
001 3052081
003 ARRUPE
005 20170905102400.0
008 960404s1996 tnu b 000 0 eng
010 _a 96017677
020 _a0687020875 (alk. paper)
040 _aDLC
_cDLC
_dDLC
050 0 0 _aBV4335
_b.W47 1996
082 0 0 _a241/.642
_220
100 1 _aWheeler, Sondra Ely,
_d1956-
_935647
245 1 0 _aStewards of life :
_bbioethics and pastoral care /
_cSondra Ely Wheeler.
260 _aNashville :
_bAbingdon Press,
_cc1996.
300 _a126 p. ;
_c23 cm.
504 _aIncludes bibliographical references (p. 123-126).
650 0 _aPastoral medicine.
_910231
650 0 _aBioethics.
_935648
650 0 _aChristian ethics.
_935649
906 _a7
_bcbc
_corignew
_d1
_eocip
_f19
_gy-gencatlg
942 _2lcc
_cMONOGRAPH